| 000 | 00351nam a22001457a 4500 | ||
|---|---|---|---|
| 020 | _a81-8126-260-4 | ||
| 082 |
_a510 _bLAN/I |
||
| 100 | _aLANG SERGE | ||
| 245 | _aINTRODUCTION TO LINEAR ALGEBRA | ||
| 250 | _aSECOND EDITION | ||
| 260 |
_aDELHI _bSPRINGER (INDIA) PRIVATE LTD _c2005 |
||
| 300 | _a293 | ||
| 650 |
_aMATHS REFERENCE _zINDIA |
||
| 942 | _cBK | ||
| 999 |
_c1245 _d1245 |
||